Matrix : Pre-intermediate: Workbook

Spremljeno u:
Bibliografski detalji
Format: Knjiga
Jezik:Undetermined
Izdano: Oxford Oxford University Press 2002
Teme:
Oznake: Dodaj oznaku
Bez oznaka, Budi prvi tko označuje ovaj zapis!
Thư viện lưu trữ: Trung tâm Học liệu Trường Đại học Cần Thơ
LEADER 00667nam a2200217Ia 4500
001 CTU_93308
008 210402s9999 xx 000 0 und d
020 |c 61000 
082 |a 428.0071 
082 |b M433 
245 0 |a Matrix : 
245 0 |b Pre-intermediate: Workbook 
245 0 |c Rosemary Nixon, Kathy Gude and Michael Duckworth 
260 |a Oxford 
260 |b Oxford University Press 
260 |c 2002 
650 |a English language 
650 |x Textbooks for foreign speakers 
904 |i Năm,Hải 
910 |a Mai chuyển số PL về 428.0071/M433 theo Mati (dùng cho Matr) 
980 |a Trung tâm Học liệu Trường Đại học Cần Thơ